000 01236nam a2200277 a 4500
001 000044880
005 20240520203612.0
008 150115s2014 dr 000 0 spa d
040 _aDO-SdBNP
_bspa
_cBNPHU
082 _a305.42
_bG326d
245 0 0 _aGénero, derechos de las mujeres y violencia de género /
_cconsultoras Alina Ramírez, Cristina Santillán Odoate, Helena Martínez Bueno.
260 _aSanto Domingo :
_bProfamilia,
_c2014.
300 _a2v. ;
_c28 cm.
500 _aLa biblioteca posee v.1. Manual para docentes - v.2. Cartilla de contenidos para estudiantes
500 _aProyecto "Fortalecimiento de la acción de la policía en la lucha y atención a víctimas de violencia basada en género"
500 _aIncluye referencias bibliográficas y notas al pie de las páginas
590 _aInventariado, 2018/MFF
650 4 _aMujeres
_xCondiciones sociales
_92063
650 0 _aVIOLENCIA CONTRA LA MUJER
_938242
650 0 _aDerechos de la mujer
_92527
700 1 2 _aRamírez, Alina
_98554
700 1 2 _aSantillán Idoate, Cristina
_972887
700 1 2 _aMartínez Bueno, Helena
_972888
710 2 2 _aAsociación Dominicana Pro Bienestar de la Familia
_956602
910 _aValidado. Control de calidad MFF
999 _c44369
_d44369